Statistics for First Civilizations- Egypt and Mesopotamia- Terms

Click here to take the quiz!

General Stats

  • This quiz has been taken 13 times
  • The average score is 1 of 7

Answer Stats

DefinitionTerm% Correct
Biggest excavated town; a planned Indus Valley cityMohenjo-daro
58%
Concept of moral law and justiceMaat
33%
A seasonal weather pattern of reversing wind, acompainied by corresponding changes in precipitationMonsoon
33%
Developed along the banks of the Indus River ValleyIndus Valley Civilization
8%
Divides a day into 24 hours, includes a leap yearEgyptian Calendar
0%
Signs or characters that represent a word or phrase "written word"Logograms
0%
He united upper and lower Egypt around 3000 BCEPharaoh Menes
0%

Score Distribution

Percentile by Number Answered

Percent of People with Each Score

Your Score History

You have not taken this quiz